LEADER 00894nam0-22003011i-450- 001 990007779690403321 035 $a000777969 035 $aFED01000777969 035 $a(Aleph)000777969FED01 035 $a000777969 100 $a20021010d--------km-y0itay50------ba 101 0 $aita 200 1 $aONLUS$eEnti non commerciali e organizzazioni non lucrative di utilità sociale. Il decreto legislativo n.460 del1997 e le circolari ministeriali$fFranco Colombo , Paolo Sciumè 205 $a3°edz 210 $aMilano$cIl Sole 24ore$d1999 215 $a321 p.$d24 cm 610 0 $aENTI non profit 676 $a346 700 1$aColombo,$bFranco$0279291 702 1$aSciumé,$bPaolo 801 0$aIT$bUNINA$gRICA$2UNIMARC 901 $aBK 912 $a990007779690403321 952 $a19-EA-19$b10888$fDDCP 959 $aDDCP 996 $aONLUS$9662502 997 $aUNINA DB $aGEN01 LEADER 00926nam0-22003371i-450- 001 990002053610403321 005 20090424102911.0 035 $a000205361 035 $aFED01000205361 035 $a(Aleph)000205361FED01 035 $a000205361 100 $a20030910d1965----km-y0itay50------ba 101 0 $aeng 200 1 $aInsect sex attractants$fMartin Jacobson$g[with a foreword by] Stanley A. Hall 210 $aNew York$cJohn Wiley$d1965 215 $a154 p.$d24 cm 320 $aBibliografia: p. 122-145 610 0 $aSemiochimici 610 0 $aInsetti 610 0 $aFeromomi 676 $a632.7 676 $a595.7 700 1$aJacobson,$bMartin$075804 702 1$aHall,$bStanley A. 801 0$aIT$bUNINA$gRICA$2UNIMARC 901 $aBK 912 $a990002053610403321 952 $a61 VIII A.1/01$b2145 (14/12/65)$fDAGEN 959 $aDAGEN 996 $aInsect sex attractants$9406005 997 $aUNINA